| 000 | 00394nab a22001217u 4500 | ||
|---|---|---|---|
| 005 | 20210918150154.0 | ||
| 008 | 130520b2007 xxu||||| |||| 00| 0 spa d | ||
| 041 | _aspa | ||
| 100 | 1 |
_aMelloni Ribas, Javier _925233 |
|
| 245 | 0 | 0 |
_aMediación y opacidad de las escrituras y de los dogmas _cJavier Melloni Ribas |
| 773 | 0 |
_tConcilium _gnº319,2007,págs. 79-86 _x0210-1041 _wRev134 |
|
| 942 |
_cAR _2lcc |
||
| 999 |
_c380471 _d380471 |
||